00580nam a22001697a 450000500170000001000150001702000260003203500140005803700130007208200220008510000160010724500870012326000450021027000660025530000240032150000650034520181024121522.0 aENG-124350 a9780199095384c750.00 aEN-107882 bDBAD/PUB a331.1196490290954 aZarin Ahmad aDelhi's Meatscapes:cby Zarin AhmadbMuslim butchers in a transforming mega-city / aNew DelhibOxford University Pressc2018 bNew Delhie110002a2/11 Ground Floor, Ansari Road, Daryaganj, axii,243pc21cm.(Hb) aIt includes glossary, references, index and about the author